| 000 | 00476nam a2200181Ia 4500 | ||
|---|---|---|---|
| 005 | 20250326143305.0 | ||
| 008 | 250326s9999 xx 000 0 und d | ||
| 037 | _aTextbook | ||
| 040 |
_aFMSL _beng _cFMSL |
||
| 041 |
_aeng _2eng |
||
| 084 |
_aX.44 P5 _qFMSL |
||
| 100 | _aKapila U | ||
| 245 | 0 |
_aIndian Economy _cKapila U |
|
| 260 |
_aNew Delhi _bNew Delhi, Academic Foundation _c2005 |
||
| 300 | _a480p | ||
| 942 |
_cTB _hX.44 P5 |
||
| 999 |
_c1298939 _d1298939 |
||